Responses for Show #3201 - Monday, June 29, 1998

Contestants

[<< previous game]

Joshua Brown, a copywriter from New York City, New York

Susan Davis, a graduate student from Portland, Oregon

Karim Khan, a digital librarian from Falls Church, Virginia (whose 1-day cash winnings total $11,205)

[next game >>]

Jeopardy! Round responses

ENGLISH LIT
FIRST LADIES
MOVIE CHARACTERS
RETAILERS' HOME STATES
THE "LONG" & THE "SHORT" OF IT
LET'S SPLIT
    $100 6
Geoffrey Chaucer

Karim
    $100 1
Mamie Eisenhower

Karim
    $100 17
(Susan: Who is 007?)

James Bond

Susan
    $100 12
Illinois

Karim
    $100 22
short circuit

Joshua
    $100 11
(Joshua: What is a 1-10 split?)

7-10 split

KarimJoshua
    $200 7
Robert Louis Stevenson

Joshua
    $200 2
Lady Bird Johnson

Susan
    $200 18
(Joshua: What is Tornado?)

Twister

KarimJoshua
    $200 13
New York

Joshua
    $200 23
shorthand

Karim
    $200 24
split screen

Karim
    $300 8
(Susan: Who is Emily Bronte?)
(Joshua: Who is Charlotte Bronte?)
(Alex: There were only three of them!)

Anne Bronte

KarimSusanJoshua
    $300 3
Pat Nixon

Susan
    $300 19
Saturday Night Fever

Karim
    $300 14
California

Joshua
    $300 28
Shelley Long

Karim
    $300 25
splitting hairs

Susan
    $400 9
"Kim"

Karim
    $400 4
Betty Ford

Triple Stumper
    $400 20
[Harvey (1950)]

Elwood P. Dowd

Triple Stumper
    $500 15
Texas

Joshua
    $400 29
short order cook

Joshua
    $400 26
Blackjack

Joshua
    $500 10
John Galsworthy

Joshua
    $500 5
Kentucky

Karim
    $500 21
Frederic Chopin

Susan
    $500 16
New Jersey

Susan
    $500 30
short fuse

Karim
    $500 27
schism

Karim

Scores at the first commercial break (after clue 14):

Karim Susan Joshua
$1,600 $200 $800

Scores at the end of the Jeopardy! Round:

Karim Susan Joshua
$3,800 $1,600 $2,000

Double Jeopardy! Round responses

THE OLD WEST
BOOKS BY PRESIDENTS
12-LETTER WORDS
HONORARY OSCARS
IF IT'S TUESDAY...
THIS MUST BE POLAND
    $200 12
(Susan: What is Texas?)

Colorado

SusanJoshua
    $200 1
Thomas Jefferson

Joshua
    $200 21
Pennsylvania

Karim
    $200 6
Maurice Chevalier

Karim
    $200 29
Italian

Karim
    $200 7
Nicolaus Copernicus

Joshua
    $400 13
Smith & Wesson

Karim
    $400 2
(Joshua: Who is JImmy Carter?)

Gerald Ford

Joshua
Triple Stumper
    $400 22
(Joshua: What is a segentanarian...sexsesenarian?)

Sexagenarian

SusanJoshua
    $400 17
animation

Susan
    $400 30
Japanese

Karim
    $400 8
Gdansk

Susan
    $600 14
Butch Cassidy & the Sundance Kid

Karim
    $600 3
Theodore Roosevelt

Joshua
    $1,200 23
(Susan: I don't know.)

Constitution

Susan
    $600 18
(Karim: Who is Will Rogers?)

Groucho Marx

KarimSusan
    $600 26
(Alex: We have less than a minute to go.)

Greek

Joshua
    $600 9
Solidarity

Karim
    $800 15
(Joshua: What is a cactus?)
(Karim: What is a sagebrush?)

Tumbleweed

KarimJoshua
Triple Stumper
    $800 4
George H.W. Bush

Triple Stumper
    $800 24
cartographer

Karim
    $800 19
Federico Fellini

Joshua
    $800 27
Arabic

Susan
    $800 10
Pope John Paul II

Karim
    $1000 16
(Karim: What is Carson City?)

Virginia City

Karim
Triple Stumper
    $800 5
William Howard Taft

Joshua
    $1000 25
Globetrotter

Susan
    $1000 20
Hal Roach

Triple Stumper
    $1000 28
(Joshua: What is Javanese?)

Indonesian

KarimJoshua
    $1000 11
The Black Madonna

Karim

Scores at the end of the Double Jeopardy! Round:

Karim Susan Joshua
$7,600 $3,800 $2,800
(lock-tie game)

[wagering suggestions for these scores]

Final Jeopardy! Round responses

TAXES
(Alex: They're over with, thank heaven!)
JoshuaWhat is whiskey?
$801
SusanWhat is whiskey?
$3,750
KarimWhat is whiskey?
$0
Whiskey

Final scores:

Karim Susan Joshua
$7,600 $7,550 $3,601
2-day champion: $18,805 2nd place: Trip to Mexico City & Ixtapa 3rd place: Warner Bros. Publications

Game dynamics:

Coryat scores:

Karim Susan Joshua
$7,600 $5,000 $2,900
25 R,
3 W
12 R,
3 W
(including 1 DD)
15 R
(including 2 DDs),
7 W

Combined Coryat: $15,500

[game clues] [game scores] [suggest correction]

Game tape date: 1998-03-10
The J! Archive is created by fans, for fans. Scraping, republication, monetization, and malicious use prohibited; this site may use cookies and collect identifying information. See terms. The Jeopardy! game show and all elements thereof, including but not limited to copyright and trademark thereto, are the property of Jeopardy Productions, Inc. and are protected under law. This website is not affiliated with, sponsored by, or operated by Jeopardy Productions, Inc. Join the discussion at JBoard.tv.